World countries in Serbian language - Statistics

General Stats
  • This quiz has been taken 463 times
    436 since last reset
  • The average score is 13 of 15
Answer Stats
Hint Answer % Correct
Španija Spain
99%
Turska Turkey
99%
Grčka Greece
96%
Katar Qatar
96%
Sjedinjene Američke Države USA
93%
Kambodža Cambodia
92%
Nemačka Germany
88%
Ujedinjeno Kraljevstvo United Kingdom
88%
Mađarska Hungary
85%
Filipini Philippines
85%
Švajcarska Switzerland
85%
Malezija Malaysia
83%
Kipar Cyprus
79%
Gruzija Georgia
77%
Obala Slonovače Ivory Coast
62%
No matching quizzes found
Score Distribution
Percent of People with Each Score
Percentile by Number Answered
Your Score History
You have not taken this quiz since the last reset